Estudios en Labiatae-VI. Hibridación en el género Salvia en Colombia y su interés horticultural (Registro nro. 16376)
[ vista simple ]
| 000 -CABECERA | |
|---|---|
| Campo de control | 005560000a22001930004500 |
| 090 ## - CLASIFICACIÓN LOCAL | |
| Colección | SERIADAS |
| 044 ## - PAÍS DE PUBLICACIÓN | |
| País de publicación | |
| 041 0# - IDIOMA | |
| Código de idioma para texto/pista de sonido o título separado | |
| 100 1# - ASIENTO PRINCIPAL--NOMBRE PERSONAL | |
| Nombre personal | Fernández Alonso, José Luis |
| 245 10 - MENCION DE TITULO | |
| Título | Estudios en Labiatae-VI. Hibridación en el género Salvia en Colombia y su interés horticultural |
| 650 14 - ASIENTO SECUNDARIO DE MATERIA - TERMINO TEMATICO | |
| Término temático o nombre geográfico como elemento de entrada | Híbridos |
| 650 14 - ASIENTO SECUNDARIO DE MATERIA - TERMINO TEMATICO | |
| Término temático o nombre geográfico como elemento de entrada | Especies silvestres |
| 650 14 - ASIENTO SECUNDARIO DE MATERIA - TERMINO TEMATICO | |
| Término temático o nombre geográfico como elemento de entrada | Especiación |
| 653 ## - TERMINO DE INDIZACION - NO CONTROLADO | |
| -- | Salvia |
| 653 ## - TERMINO DE INDIZACION - NO CONTROLADO | |
| -- | Angulatae |
| 653 ## - TERMINO DE INDIZACION - NO CONTROLADO | |
| -- | Rubescentes |
| 773 1# - Item fuente: | |
| Título | Caldasia |
| Descripción física | 1 |
| Paginas del Articulo | 21-48 |
| Lugar, editorial y fecha de publicación | 2008 |
| Información sobre la relación | 30 |
| 942 ## - ELEMENTOS ADICIONALES (KOHA) | |
| Tipo de ítem | Artículo |
No hay ítems disponibles.